00917nam a22002537a 450000500170000001000130001702000220003003500130005203700160006504000120008108200150009324500970010826000540020527000190025930000240027850000400030265000380034265000490038070000250042970000290045494200240048399900190050795201370052620170124110009.0 aA-612793 c00.00a8170187540 aA-612793 bCen Lib/Ret aDPLbEN a331.4bWOM aWomen and work :cedited by Alakh N. Sharma [and] Seema Singh bchanging scenario in india / bIndian Society of Labour Economics aPatna c1993 bPatna e800001 axi, 380p.c21cm(Hb) aIncludes bibliographical references aEconomics--Women and works973976 aEconomic development - Role of women 973977 aSingh, Seema 917484 aSharma, Alakh N. 913300 2ddccENh331.4mWOM c126420d126420 00104070aLbLd2015-06-25eCen Lib/Retg0.00l3m1o331.4 SHApA-612793r2017-05-24 00:00:00s2017-04-25t1v0.00w2015-06-25yEN